TV Bosses by Image II Quiz Stats

 Plays Quiz Updated Nov 7, 2015

Score 0/25 Timer 05:00
5 Plays Today
TV Boss % Correct
James T. Kirk (Star Trek)
93.7%
Gary Chalmers (The Simpsons)
87.1%
Mr. Slate (The Flintstones)
82.1%
Kermit the Frog (The Muppet Show)
80.1%
Tony Soprano (The Sopranos)
76.7%
Ron Swanson (Parks & Recreation)
66.4%
Miranda Bailey (Grey's Anatomy)
63.9%
Dick Loudon (Newhart)
60%
Gil Grissom (CSI)
58.3%
Denny Crane (Boston Legal)
49.2%
J. Jonah Jameson (Spider-Man)
47.6%
Henrietta Lange (NCIS Los Angeles)
46.1%
Adam Schiff (Law & Order)
39.4%
TV Boss % Correct
Barney Miller (Barney Miller)
39.4%
Larry Tate (Bewitched)
38.1%
Amanda Woodward (Melrose Place)
37.4%
Mel Sharples (Alice)
37.4%
Han Lee (2 Broke Girls)
36.9%
Phil Coulson (Agents of Shield)
36%
The Chief (Get Smart)
32.8%
James Gatling (Benson)
28.7%
Walter Skinner (X-Files)
28.5%
Michael Woodman (Welcome Back Kotter)
24.6%
Victoria Gates (Castle)
13%
Sybil Fawlty (Fawlty Towers)
12.7%

You're not logged in!

Compare scores with friends on all Sporcle quizzes.
OR
Log In

Show Comments

Extras

Top Quizzes Today


Score Distribution

Your Account Isn't Verified!

In order to create a playlist on Sporcle, you need to verify the email address you used during registration. Go to your Sporcle Settings to finish the process.

Report this User

Report this user for behavior that violates our Community Guidelines.

Details: